000 02473nam a22002894a 4500
003 BOLpUSFA
005 20260416151723.0
008 t bo grm 001 | spa||
040 _aBOLpUSFA
041 _aspa
044 _aBO
082 _aADM0019
_bH874e PG
100 _aHuanca Burgos, Isabel Bautista
245 _aEstudio de factibilidad para la creación de una Empresa Comercializadora de Calzado Brasilero para damas en el área urbana de Tupiza
260 _aTupiza:
_bUniversidad Privada San Francisco de Asís. Carrera de Administración de Empresas,
_c2025
300 _a367 p.
502 _aModalidad: Proyecto de Grado - Tutor: Lic. Mónica Roxana Maldonado Arana
520 _aEste proyecto de estudio de factibilidad propone la creación de la empresa “Tacones de Brasil & Claris” en el municipio de Tupiza, orientada a la comercialización de calzados brasileros dirigidos al público femenino. A partir del análisis de mercado se identificó una demanda insatisfecha y la preferencia de las consumidoras por calzados de mayor calidad, variedad de diseños y precios accesibles, lo que evidencia una oportunidad competitiva frente a la oferta local existente. El estudio técnico determinó la capacidad de instalación y los procesos operativos adecuados con las características que el segmento requiere de acuerdo a las encuestas, mientras que el análisis legal confirmó la viabilidad normativa del emprendimiento contando con todos los requisitos legales que como empresa debe cumplir. De igual manera, la estructura organizacional propuesta garantiza eficiencia administrativa con manuales y políticas de función en base a sus objetivos empresariales. El estudio financiero refleja indicadores favorables como un VAN positivo y una TIR superior a la tasa de descuento que demuestran la rentabilidad del negocio en distintos escenarios. En conclusión, la empresa se presenta como una alternativa innovadora, formal y confiable, capaz de satisfacer las necesidades del mercado local y proyectarse como un emprendimiento sostenible a mediano plazo y largo plazo.
650 _aAdministración de Empresas
650 _aProyecto de Grado
650 _aEstudio de factibilidad
650 _aEmpresa calzados
650 _aComercialización
651 _aPotosí
651 _aTupiza
942 _2ddc
_cTE
_zLLO
999 _c9706
_d9706